Statistieken voor UEFA Euro 2020 Landen

Klik hier om de quiz te nemen!

Algemene statistieken

  • Deze quiz is 223 keer genomen
  • De gemiddelde score is 20 van 24

Antwoordstatistieken

GroupTeam% Correct
FFrankrijk
98%
CNederland
98%
FPortugal
98%
BBelgië
97%
AItalië
94%
ESpanje
94%
FDuitsland
93%
EZweden
92%
BDenemarken
89%
DEngeland
89%
BRusland
89%
COostenrijk
87%
AZwitserland
87%
EPolen
85%
FHongarije
84%
COekraïne
84%
BFinland
82%
DKroatië
79%
DTsjechië
79%
ESlowakije
73%
AWales
71%
DSchotland
68%
CNoord-Macedonië
67%
ATurkije
67%

Scoreverdeling

Percentiel versus Aantal Correcte Antwoorden

Procent van Mensen met Elke Score

Uw Scoregeschiedenis

U heeft deze quiz nog niet genomen